The Mexican Problem Statesmanship not Intervention

Folletos

Spremljeno u:
Bibliografski detalji
Glavni autor: Higgins, John P. (autor)
Format: Knjiga
Teme:
Oznake: Dodaj oznaku
Bez oznaka, Budi prvi tko označuje ovaj zapis!

MARC

LEADER 00000nam^a2200000^a^4500
001 000257386
005 20250526000000.0
009 20260310110248.378
035 |a L02086 
037 |a Acervo Xavier Clavigero 
082 |a 320. 972  |b HIG 
100 |a Higgins, John P.  |e (autor) 
245 1 4 |a The Mexican Problem Statesmanship not Intervention 
264 |a New York :  |b The America Press,  |c 1935 
300 |a 10 HOJAS [281-300] 
336 |a texto  |b txt  |2 rdacontenido 
337 |a sin mediación  |b n  |2 rdamedio 
338 |a volumen  |b nc  |2 rdasoporte 
520 |a Folletos 
520 |a En la biblioteca del ILFC, Guadalajara, Jal. 
649 |a XX 
650 |a Política -  |z México 
650 |a Iglesia y Estado 
910 |a Fondo Jesús Gómez Fregoso S.J. FXC 
920 |a Impresos - Libros 
930 |a Libros Antiguos y Raros 
940 |a Guerra Cristera 
905 |a 110 
901 |a L02086  |b IT2  |c LRA  |i L02086  |u 20250526 
902 |a https://opac.biblio.iteso.mx/vufind/Record/000257386